Регионална библиотека "Любен Каравелов" - Русе

Le Darwinisme (Запис номер 390799)

MARC детайли
000 -Лидер
Контролно поле с фиксирана дължина nam a22 a 4500
003 - Код на организацията, давaща контролен номер
Контролно поле BLK
005 - Дата и час на последна редакция
Контролно поле 20201028150037.0
008 - Елементи от данни с фиксирана дължина
fixed length control field 201012b bul|||||r ||||||| ||bul||
040 ## - Източник на каталожния запис
Идентификатор на билиотеката - собственик на записа BLK
041 ## - Код за език
Код за езика на текст/звукозапис или на отделно заглавие Френски
Код за езика КДБФ Френски
080 ## - УДК
Текстов определител УДК Биология на клетката и субклетъчни частици. Цитология. Вж и 581. 1; 581. 4; 591. 1; 591. 4
УДК код - определител по УДК 576
УДК - код + определител 576
100 ## - Редна дума - Автор
Автор Duval, Mathias
Авторска отговорност първи автор
R(LIN) 435727
139 ## - Редно поле
Редна дума Duval, Mathias
245 10 - Сведения за заглавието
Заглавие Le Darwinisme
Подзаглавни данни Lecons proposees a l'École d'anthropologie: Avec 7 figures intercalees dans le texte
Редно поле (дума) Mathias Duval.
257 ## - Страна на издаване
Страна на създаване/издаване Франция
260 ## - Област на издателските данни
Място на издаване, разпространение и проч. Paris
Име на издателя, разпространителя и проч. Adrien Delahaye et Emile Lecrosnier
Година на издаване 1886
9 (RLIN) 435728
300 ## - Физическа характеристика
Страници LX, 576 p.
Размери/Мащаб 22 см
380 ## - Жанр
Жанр Естествени науки. Математика
490 ## - СЕРИИ (Колекции)
9 (RLIN) 435080
Име на серия Колекция Редки и ценни издания
490 ## - СЕРИИ (Колекции)
9 (RLIN) 435730
Име на серия Bibliotheque anthropologique
650 #7 - Допълнително описание по предмет – тема
9 (RLIN) 152842
Основно описание – тема или топоним Дарвинизъм
653 #7 - Ключова дума – ненормативна
9 (RLIN) 184613
Ключова дума дарвинизъм
852 ## - Местоположение
Форматна сигнатура Рф 886
Фондова буква Редки и ценни
856 4# - Електронен адрес и достъп
Електронен формат pdf - файл
Път до файла /url/
856 4# - Електронен адрес и достъп
Електронен формат pdf - файл
Път до файла /url/
999 ## - СИСТЕМНИ КОНТРОЛНИ НОМЕРА
Koha biblionumber 390799
Koha biblioitemnumber 390799
942 ## - АРТИКУЛИ
Вид на библиотечния материал Книги
Скрит в OPAC Не
Периодичен библиозапис Да
944 ## - СЪЗДАВАНЕ И РЕДАКЦИЯ на ЗАПИСА
Дата на регистрацията/редакция 2020-10-28
Служител, извършил регистрацията/редакцията ТД
999 ## - СИСТЕМНИ КОНТРОЛНИ НОМЕРА
Koha biblioitemnumber 390799
999 ## - СИСТЕМНИ КОНТРОЛНИ НОМЕРА
Koha biblioitemnumber 390799
999 ## - СИСТЕМНИ КОНТРОЛНИ НОМЕРА
Koha biblioitemnumber 389989
999 ## - СИСТЕМНИ КОНТРОЛНИ НОМЕРА
Koha biblioitemnumber 389989
Наличности
Код за отписване Код за изгубен артикул Източник на класификационната схема Код за повреда Коз за рестрикции Код за отдаване Артикулен № Име на библиотеката - собственик Име на библиотеката, в която се намира в момента Статус (Текущо местоположение) Дата на вписване в системата Местоположение - отдел Цена в лева Инвентарен номер Систематично азбучна сигнатура Баркод Цена в евро Служебен тип на артикула
  Не е изгубен Universal Decimal Classification Не е повреден само за читалня Специални фондове ( старопечатни, редки и ценни, фонд М. Арнаудов) 804332 Регионална библиотека "Любен Каравелов" Русе Регионална библиотека "Любен Каравелов" Русе Редки и ценни 2020-10-30 Редки и ценни 1.18 18013 Рф 886 900000037767 0.60 Книги
Vip Innovations Ltd, Rousse, Bulgaria 2025